[Event "22nd TCh-CRO Cup 2013"]
[Site "Bol na Bracu CRO"]
[Date "2013.05.24"]
[Round "4.22"]
[White "Zelcic,R"]
[Black "Kurajica,B"]
[Result "1/2-1/2"]
[WhiteElo "2543"]
[BlackElo "2514"]

1.e4 d5 2.exd5 Qxd5 3.Nc3 Qd6 4.d4 Nf6 5.Nf3 c6 6.h3 Nbd7 7.Bd3 g6 8.O-O Bg7
9.Bg5 O-O 10.Re1 e6 11.Qd2 c5 12.Bf4 Qb6 13.Na4 Qc6 14.Nxc5 Nxc5 15.dxc5 Qxc5
16.Be5 Bd7 17.Qf4 Nd5 18.Qg3 Rfd8 19.a3 Qe7 20.Be4 Be8 21.Rad1 f6 22.Bxd5 Rxd5
23.Rxd5 exd5 24.Bd6 Qd8 25.Nd4 Bf7 26.c3 Qb6 27.Re2 Re8 28.Rxe8+ Bxe8 29.Qe3 Qd8
30.Bc5 a6 31.Ne6 Qd7 32.Nxg7 Kxg7 33.Bd4 h5 34.Qf4 Qe6 35.Qc7+ Qd7 36.Qf4 Qe6
37.h4 Qe7 38.b4 Ba4 39.Be3 Bc2 40.Qh6+ Kg8 41.Bd4 Bf5 42.Qf4 Kf7 43.a4 Bc2
44.a5 Ba4 45.Qh6 Qf8 46.Qd2 Bc6 47.Bc5 Qe8  1/2-1/2

[Event "Hungarian National Open 2013"]
[Site "Zalakaros HUN"]
[Date "2013.05.24"]
[Round "3"]
[White "Kernazhitsky,L"]
[Black "Stifter,Ewald"]
[Result "1-0"]
[WhiteElo "2305"]
[BlackElo "2013"]

1.e4 d5 2.exd5 Qxd5 3.Nc3 Qd6 4.d4 Nf6 5.Nf3 g6 6.h3 Bg7 7.Nb5 Qd8 8.Bf4 Na6
9.c4 c6 10.Nc3 O-O 11.Be2 Bf5 12.O-O h6 13.Re1 g5 14.Be5 e6 15.Bd3 Bxd3 16.Qxd3 Qd7
17.Rad1 Rad8 18.Qe3 Rfe8 19.Nxg5 hxg5 20.Qxg5  1-0

[Event "Gligoric Cup 2013"]
[Site "Banja Koviljaca SRB"]
[Date "2013.05.25"]
[Round "6.3"]
[White "Gosic,B"]
[Black "Milanovic,Da"]
[Result "0-1"]
[WhiteElo "2287"]
[BlackElo "2487"]

1.e4 d5 2.exd5 Qxd5 3.Nc3 Qd6 4.d4 Nf6 5.Be2 Nc6 6.Nb5 Qd8 7.Bf4 Nd5 8.Bg3 a6
9.Na3 e6 10.Nc4 Bb4+ 11.Kf1 b5 12.a3 Be7 13.Ne5 Nxe5 14.dxe5 Bb7 15.c4 bxc4
16.Qa4+ c6 17.Qxc4 O-O 18.Nf3 a5 19.Qc2 Qb6 20.h4 Ba6 21.Re1 Rfb8 22.Bxa6 Rxa6
23.Re2 Qb3 24.Ne1 Rab6 25.Qe4 Qd1 26.Qd3 Qxd3 27.Nxd3 Rb3 28.Rd2 c5 29.Ke2 c4
30.Nf4 Rxb2 31.Nxd5 exd5 32.Rd1 d4 33.e6 R8b6 34.exf7+ Kxf7 35.Bc7 Re6+ 36.Kf3 Rb3+
37.Kg4 d3 38.Rc1 Rc6 39.Bxa5 Bxa3 40.Rc3 Rxc3 41.Bxc3 Rb6 42.Kf5 Rb3 43.Be5 Bb4
44.Rd1 d2 45.Ke4 Rd3 46.Bd4 h5 47.f3 g6 48.g3 Ke6 49.g4 Kd6 50.gxh5 gxh5
51.f4 Bc5 52.Be5+ Ke6 53.f5+ Kf7 54.Bh8 Be7 55.Bd4 Bxh4 56.Be3 Be1 57.Bxd2 Bxd2
58.Rh1 Re3+ 59.Kd4 c3 60.Rxh5 c2  0-1

[Event "22nd TCh-CRO Cup 2013"]
[Site "Bol na Bracu CRO"]
[Date "2013.05.25"]
[Round "5.33"]
[White "Horvat,Dav"]
[Black "Plenkovic,Z"]
[Result "1/2-1/2"]
[WhiteElo "2195"]
[BlackElo "2404"]

1.e4 d5 2.exd5 Qxd5 3.Nc3 Qd6 4.d4 Nf6 5.Nge2 g6 6.Bf4 Qb6 7.Qd2 Bg7 8.O-O-O O-O
9.h4 Rd8 10.Na4 Qc6 11.Nec3 Be6 12.f3  1/2-1/2

[Event "ch-CZE w 2013"]
[Site "Ledec nad Sazavou CZE"]
[Date "2013.05.25"]
[Round "3.4"]
[White "Mareckova,M"]
[Black "Orsagova,S"]
[Result "1/2-1/2"]
[WhiteElo "2095"]
[BlackElo "2182"]

1.e4 d5 2.exd5 Qxd5 3.Nc3 Qd6 4.d4 Nf6 5.Nf3 a6 6.h3 b5 7.Bd3 Bb7 8.Qe2 e6
9.O-O Be7 10.a4 b4 11.Ne4 Nxe4 12.Bxe4 Bxe4 13.Qxe4 Qc6 14.Re1 Qxe4 15.Rxe4 Nc6
16.Bf4 O-O-O  1/2-1/2

[Event "Chess Ladies Vienna"]
[Site "Vienna AUT"]
[Date "2013.05.25"]
[Round "8.2"]
[White "Schnegg,A"]
[Black "Boric,E"]
[Result "1-0"]
[WhiteElo "2115"]
[BlackElo "2273"]

1.e4 d5 2.exd5 Qxd5 3.Nc3 Qd6 4.d4 Nf6 5.Nf3 Bg4 6.h3 Bh5 7.g4 Bg6 8.Ne5 c6
9.f4 Be4 10.Nxe4 Nxe4 11.Qd3 Qd5 12.Bg2 Qa5+ 13.c3 Nd6 14.Bd2 e6 15.c4 Qc7
16.f5 f6 17.Nf3 exf5 18.gxf5 Be7 19.O-O-O O-O 20.Kb1 Qd7 21.Nh4 Na6 22.Rhg1 Rf7
23.Bf3 Bf8 24.d5 c5 25.Bh5 Re7 26.Bc3 Ne4 27.Rde1 Rae8 28.Bxe8 Qxe8 29.Nf3 Nc7
30.Ka1 b5 31.d6 Nxd6 32.Rxe7 Qxe7 33.cxb5 Ndxb5 34.Qc4+ Kh8 35.Re1 Qd7 36.Nh4 a6
37.Ng6+ hxg6 38.Qh4+ Kg8 39.fxg6  1-0

[Event "Hungarian National Open 2013"]
[Site "Zalakaros HUN"]
[Date "2013.05.25"]
[Round "4"]
[White "Csala,Im"]
[Black "Kernazhitsky,L"]
[Result "1/2-1/2"]
[WhiteElo "2180"]
[BlackElo "2305"]

1.e4 d5 2.exd5 Qxd5 3.Nc3 Qd6 4.d4 Nf6 5.Bd3 Bg4 6.Nge2 Nc6 7.Nb5 Qd7 8.Bf4 Nd5
9.f3 Bh5 10.Qd2 a6 11.Na3 Nxf4 12.Qxf4 O-O-O 13.Nc4 e6 14.Ne5 Nxe5 15.dxe5 Bc5
16.O-O-O Qe7 17.h4 Bg6 18.h5 Bxd3 19.Rxd3 Rxd3 20.cxd3 Rd8 21.Rd1 Bb6 22.Kb1 f6
23.g4 fxe5 24.Qxe5 Qf6 25.Qe4 e5 26.Nc3 Bd4 27.Ne2 g6 28.Rh1 Kb8 29.hxg6 hxg6
30.Rh6 Rd6 31.Nxd4 exd4 32.f4 Re6 33.g5 Rxe4 34.gxf6 Rxf4 35.Rxg6 Rf2 36.b4 Ka7
37.Rg4 Rxf6 38.Rxd4 Rf2 39.a4 Kb6 40.Rc4 c6 41.Rc5 Rf4 42.a5+ Kc7 43.Rc4 Rf2
44.Rh4  1/2-1/2

[Event "22nd TCh-CRO Cup 2013"]
[Site "Bol na Bracu CRO"]
[Date "2013.05.26"]
[Round "6.111"]
[White "Juranic,B"]
[Black "Bender,I"]
[Result "0-1"]
[WhiteElo "2184"]
[BlackElo "2276"]

1.e4 d5 2.exd5 Qxd5 3.Nc3 Qd6 4.d4 Nf6 5.Bd3 Nc6 6.Nge2 Bg4 7.f3 Bh5 8.Bf4 Qd7
9.Qd2 e6 10.O-O-O a6 11.g4 Bg6 12.Bxg6 hxg6 13.d5 exd5 14.Nxd5 Nxd5 15.Qxd5 O-O-O
16.Qc4 Qe7 17.Rxd8+ Nxd8 18.Rd1 Ne6 19.Bg3 Qc5 20.Qe4 Qg5+ 21.Bf4 Qa5 22.Nc3 Qb4
23.Bg3 Qxe4 24.fxe4 Bd6 25.e5 Be7 26.Nd5 Bg5+ 27.Kb1 Bh4 28.b4 Bxg3 29.hxg3 Re8
30.Nf4 Ng5 31.Nd3 Nf3 32.Kb2 Nxe5 33.Nxe5 Rxe5 34.Rf1 f6 35.c3 Kd7 36.Rf3 g5
37.Kb3 Re4 38.a4 Rxg4 39.c4 Re4 40.b5 c5 41.Rd3+ Kc7 42.Kc3 axb5 43.axb5 b6
44.Rf3 g4 45.Rd3 Re2 46.Rd1 Re3+ 47.Kd2 Rxg3 48.Ra1 g5 49.Ra7+ Kb8 50.Rf7 Rf3
51.Kc2 Rf4 52.Kb3 Rf3+ 53.Kb2 Rf4 54.Rf8+ Kb7 55.Rf7+ Kb8 56.Rf8+ Kc7 57.Rf7+ Kd6
58.Rb7 Rxc4 59.Rxb6+ Ke5 60.Rc6 f5 61.b6 Kf4 62.b7 Rb4+ 63.Kc2 Rxb7 64.Rxc5  0-1

[Event "2nd Salento Open"]
[Site "Gallipoli ITA"]
[Date "2013.05.26"]
[Round "2"]
[White "Valsecchi,A"]
[Black "Callier,C"]
[Result "1-0"]
[WhiteElo "2429"]
[BlackElo "2102"]

1.e4 d5 2.exd5 Qxd5 3.Nc3 Qd6 4.d4 Nf6 5.Nf3 a6 6.Ne5 Nc6 7.Bf4 Ng4 8.Be2 Ngxe5
9.dxe5 Nxe5 10.O-O Bf5 11.Qe1 c6 12.Bg3 Qf6 13.Na4 e6 14.Qa5 Nd7 15.Rad1 Qd8
16.Bc7 Qe7 17.c3 Bc2 18.Rd2 Bxa4 19.Qxa4 Nf6 20.Be5 Nd5 21.c4 Nb6 22.Qb3 Qb4
23.Qd3 Be7 24.a3 Qa4 25.Bc7 Nc8 26.Bd1  1-0

[Event "Asian Continental w 2013"]
[Site "Manila PHI"]
[Date "2013.05.26"]
[Round "9.7"]
[White "Muminova,N"]
[Black "Perena,C"]
[Result "1-0"]
[WhiteElo "2307"]
[BlackElo "2170"]

1.e4 d5 2.exd5 Qxd5 3.Nc3 Qd6 4.d4 Nf6 5.Nf3 a6 6.g3 Bf5 7.Bg2 Nc6 8.O-O O-O-O
9.a3 Bg4 10.h3 Bh5 11.Bf4 Qd7 12.g4 Bg6 13.Ne5 Nxe5 14.dxe5 Qxd1 15.Raxd1 Nd7
16.e6 fxe6 17.Rd2 e5 18.Bg5 Nc5 19.Rxd8+ Kxd8 20.Be3 b6 21.Rd1+ Kc8 22.Bf1 e6
23.b4 Nb7 24.Bxa6 Bxc2 25.Rc1 Bg6 26.Nb5 c5 27.bxc5 bxc5 28.Bxc5 Bxc5 29.Rxc5+ Kb8
30.Rxe5 Rd8 31.Bxb7 Kxb7 32.Rxe6 Rd1+ 33.Kg2 Bd3 34.Nd6+ Kc6 35.Nf5+ Kc5
36.Nxg7 Bc4 37.Re3 Bd5+ 38.Kg3 Rg1+ 39.Kh4 Rf1 40.Ne6+ Kc4 41.f4 Rb1 42.f5 Rb7
43.Kg5 Rf7 44.f6 Bg2 45.Nf4  1-0

[Event "Hungarian National Open 2013"]
[Site "Zalakaros HUN"]
[Date "2013.05.27"]
[Round "6"]
[White "Jentsch,D"]
[Black "Medvegyne Balogh,E"]
[Result "1-0"]
[WhiteElo "2173"]
[BlackElo "2052"]

1.e4 d5 2.exd5 Qxd5 3.Nc3 Qd6 4.d4 Nf6 5.Bd3 c6 6.Nge2 Bg4 7.f3 Bh5 8.Bf4 Qd8
9.Be5 Bg6 10.Nf4 Bxd3 11.Qxd3 e6 12.O-O-O Nbd7 13.g4 Qa5 14.Rhe1 O-O-O 15.Qc4 Nd5
16.Nfxd5 exd5 17.Qd3 f6 18.Bg3 Bb4 19.Qe3 Bxc3 20.bxc3 g5 21.Qe7 b5 22.Qd6 Qb6
23.Re7 Rhe8 24.Rde1 Rxe7 25.Rxe7 a5 26.a3 h6 27.h3 a4 28.Kd2 Ne5 29.Qxf6 Nc4+
30.Kc1  1-0

[Event "ch-CZE w 2013"]
[Site "Ledec nad Sazavou CZE"]
[Date "2013.05.28"]
[Round "6.2"]
[White "Sochorova,Petra"]
[Black "Orsagova,S"]
[Result "1/2-1/2"]
[WhiteElo "2219"]
[BlackElo "2182"]

1.e4 d5 2.exd5 Qxd5 3.Nc3 Qd6 4.d4 Nf6 5.Nf3 a6 6.g3 Bg4 7.h3 Bxf3 8.Qxf3 c6
9.Be3 e6 10.O-O-O Nbd7 11.Bf4 Qb4 12.Bc7 Nd5 13.a3 Qe7 14.Nxd5 cxd5 15.Ba5 b6
16.Bd2 Nf6 17.Bb4 Qc7 18.Bxf8 Rxf8 19.Bd3 b5 20.Kb1 O-O-O 21.Rhe1 Qb6 22.h4 h6
23.g4 Ne8 24.Qf4 Rd7 25.g5 hxg5 26.hxg5 Qd6 27.Qd2 g6 28.Qa5 Rb7 29.Re3 Qb6
30.Qxb6 Rxb6 31.Rf3 f5 32.gxf6 Rxf6 33.Rxf6 Nxf6 34.Bxg6 Ng4 35.f4 Kc7 36.Rg1 Ne3
37.Bd3 Rc6 38.Rg3 Nc4 39.Bxc4 dxc4 40.Rg6 Kd7 41.c3 Rc8 42.d5 exd5 43.Rxa6 Rf8
44.Rb6 Rxf4 45.Rxb5 Kc6 46.Rb8 Rf1+ 47.Ka2 Kc7 48.Rh8 Rf2 49.Rh5 Rd2 50.a4 Kb6
51.Ka3 Kc5 52.Rh8 Rd1 53.Rc8+ Kb6 54.Rb8+ Ka7 55.Rb5 Rd2 56.a5 d4 57.cxd4 Rxd4
58.Kb4 Rh4 59.Rb6 Rh5 60.Rc6 Rh2 61.Kc3 Rh5 62.a6 Rh2 63.Rd6 Rg2 64.Rc6 Rh2
65.Rxc4 Kxa6 66.Rg4 Rh5 67.Kc4 Kb6 68.b4 Rf5 69.Rg6+ Kb7 70.Kb3 Rh5 71.Ka4 Rf5
72.Rg7+ Kb6 73.Rg8 Rh5 74.Rg6+ Kb7 75.b5 Rh1 76.Ka5  1/2-1/2

[Event "Hungarian National Open 2013"]
[Site "Zalakaros HUN"]
[Date "2013.05.28"]
[Round "7"]
[White "Marosi,Le"]
[Black "Kernazhitsky,L"]
[Result "0-1"]
[WhiteElo "2035"]
[BlackElo "2305"]

1.e4 d5 2.exd5 Qxd5 3.Nc3 Qd6 4.d4 Nf6 5.Nf3 g6 6.Nb5 Qd8 7.Bf4 Na6 8.c4 Bg7
9.Be2 O-O 10.O-O c6 11.Nc3 Nc7 12.h3 Bf5 13.Bd3 Bxd3 14.Qxd3 Ne6 15.Be5 Nc5
16.Qe3 Ncd7 17.Rad1 Qb6 18.Bh2 Rfe8 19.Rfe1 Rac8 20.c5 Qa6 21.Qe2 Qxe2 22.Rxe2 Nf8
23.b4 Ne6 24.a4 Red8 25.Be5 Nd5 26.Nxd5 Rxd5 27.Bxg7 Kxg7 28.Kf1 Rcd8 29.Re4 Kf8
30.Ke2 a5 31.Ke3 axb4 32.Rb1 Nc7 33.Rxb4 R5d7 34.Kd2 Nd5 35.Rc4 f6 36.Kc2 g5
37.g3 Kf7 38.h4 h6 39.Kb3 Rg8 40.Rc1 Nc7 41.Kc4 Ra8 42.Kb4 Rdd8 43.hxg5 hxg5
44.Rh1 Nd5+ 45.Kb3 Rxa4 46.Rxe7+ Nxe7 47.Kxa4 g4 48.Rh7+ Ke6 49.Nh2 Rxd4+
50.Ka5 Rd2 51.Kb6 Rd7 52.Ka5 f5 53.Nf1 Rd1 54.Ne3 Rb1 55.Rh6+ Kd7 56.Rd6+ Ke8
57.Ka4 Rb5 58.Rh6 Rxc5 59.Rh8+ Kd7 60.Rb8 Rb5 61.Rf8 Ke6 62.Ka3 Rb1 63.Re8 Kf7
64.Rb8 b5 65.Rb7 Ke6 66.Nc2 Rd1  0-1

[Event "Hungarian National Open 2013"]
[Site "Zalakaros HUN"]
[Date "2013.05.28"]
[Round "7"]
[White "Vrchotka,J"]
[Black "Medvegyne Balogh,E"]
[Result "1/2-1/2"]
[WhiteElo "2001"]
[BlackElo "2052"]

1.e4 d5 2.exd5 Qxd5 3.Nc3 Qd6 4.Nf3 Nf6 5.d4 c6 6.Be3 Bg4 7.Be2 e6 8.Qd2 Qc7
9.Bf4 Bd6 10.Bxd6 Qxd6 11.Ne5 Bxe2 12.Nxe2 Nbd7 13.Nxd7 Qxd7 14.O-O O-O 15.c3 Rad8
16.Qc2 Qc7 17.Rfe1 Rd5 18.h3 Rfd8 19.Rad1 b5 20.b4 Qd6 21.a4 e5 22.axb5 exd4
23.Rxd4 cxb5 24.Red1 Qc6 25.Rxd5 Rxd5 26.Rxd5 Qxd5 27.Nd4 a6 28.Qe2 Kf8 29.Qe3 Qe4
30.Qd2  1/2-1/2

[Event "15th Ajuinentornooi 2013"]
[Site "Aalst BEL"]
[Date "2013.05.29"]
[Round "7.3"]
[White "Van de Perre,T"]
[Black "Van de Wynkele,E"]
[Result "0-1"]
[WhiteElo "2100"]
[BlackElo "2008"]

1.e4 d5 2.exd5 Qxd5 3.Nc3 Qd6 4.d4 Nf6 5.Nf3 c6 6.Ne5 Nbd7 7.f4 Nb6 8.a4 a5
9.Be2 g6 10.O-O Bg7 11.g4 Qc7 12.Qe1 h5 13.h3 hxg4 14.hxg4 Be6 15.Qg3 O-O-O
16.Be3 Nbd5 17.Nxd5 Bxd5 18.Bf3 e6 19.c4 Bxf3 20.Qxf3 Rh7 21.Kg2 Rdh8 22.Rh1 Qb6
23.Nxf7 Rxh1 24.Rxh1 Qxb2+ 25.Bf2 Rxh1 26.Kxh1 Qa1+ 27.Kg2 Qxa4 28.Qd3 Ne8
29.f5 gxf5 30.gxf5 b5 31.cxb5 Qxb5 32.Qxb5 cxb5 33.d5 b4 34.d6 Bf8 35.Bg3 b3  0-1

[Event "Grand Europe Open Albena"]
[Site "Albena BUL"]
[Date "2013.06.01"]
[Round "1.24"]
[White "Raghavi,N"]
[Black "Enchev,I"]
[Result "1/2-1/2"]
[WhiteElo "2113"]
[BlackElo "2473"]

1.e4 d5 2.exd5 Qxd5 3.Nc3 Qd6 4.d4 Nf6 5.Bc4 g6 6.Nf3 Bg7 7.Be3 a6 8.a4 Nc6
9.h3 O-O 10.Qd2 Rd8 11.O-O Qb4 12.Ba2 Bf5 13.Rfd1 e5 14.Ne2 Ne4 15.Qxb4 Nxb4
16.Bb3 Nc6 17.g4 exd4 18.Nexd4 Bd7 19.Nxc6 Bxc6 20.Nd4 Be8 21.c3 c5 22.Ne2 Bc6
23.a5 Bf6 24.Nf4 Re8 25.Nd5 Bd8 26.Nb6 Bxb6 27.axb6 Rad8 28.Rxd8 Rxd8 29.Rd1 Rxd1+
30.Bxd1 c4 31.Bf3 f6 32.Bxe4 Bxe4 33.f4 Kf7 34.Bf2 Ke6 35.Bd4  1/2-1/2

[Event "2nd Server24 Open"]
[Site "Ortisei ITA"]
[Date "2013.06.01"]
[Round "1.16"]
[White "Codenotti,M"]
[Black "De Napoli,G"]
[Result "1-0"]
[WhiteElo "2390"]
[BlackElo "2053"]

1.e4 d5 2.exd5 Qxd5 3.Nc3 Qd6 4.d4 Nf6 5.Nf3 a6 6.g3 Bg4 7.Bg2 c6 8.O-O Nbd7
9.a3 Qc7 10.h3 Bxf3 11.Qxf3 e6 12.Na4 Rc8 13.c4 b5 14.cxb5 cxb5 15.Bf4 Qd8
16.Nc3 Be7 17.Qb7 O-O 18.Qxa6 b4 19.axb4 Bxb4 20.Rfc1 Qb6 21.Qd3 Be7 22.Na4 Qb4
23.b3 Nb6 24.Nxb6 Qxb6 25.Ra6 Qb4 26.Bd2 Qb8 27.Rxc8 Rxc8 28.Ra8 Qxa8 29.Bxa8 Rxa8
30.Qb5 Ra1+ 31.Kg2 h6 32.d5 exd5 33.Bc3 Ra2 34.b4 Ra8 35.Bxf6 Bxf6 36.Qxd5 Rd8
37.Qc6 Be5 38.b5 f6 39.f4 Bb8 40.h4 Rf8 41.h5 Kh7 42.b6 Kg8 43.b7 Kf7 44.Qd7+ Kg8
45.Kf3 f5 46.Qe6+ Kh8 47.Qc8 Kg8 48.Ke3 Ba7+ 49.Kd3 Bb8 50.Kd4 Ba7+ 51.Kd5 Bb8
52.Ke6  1-0

[Event "Grand Europe Open Albena"]
[Site "Albena BUL"]
[Date "2013.06.04"]
[Round "4.44"]
[White "Parligras,C"]
[Black "Kolev,At2"]
[Result "1/2-1/2"]
[WhiteElo "2299"]
[BlackElo "2118"]

1.e4 d5 2.exd5 Qxd5 3.Nc3 Qd6 4.d4 Nf6 5.Nf3 g6 6.g3 Bg7 7.Bg2 O-O 8.O-O Nc6
9.Bf4 Qd8 10.Qd2 Bf5 11.Rad1 Nb4 12.Ne1 c6 13.Be5 Nbd5 14.Nd3 Nxc3 15.Qxc3 Nd5
16.Qd2 f6 17.Bf4 Bxd3 18.Qxd3 Nxf4 19.gxf4 f5 20.Qb3+ Kh8 21.Qxb7 Rb8 22.Qxa7 Rxb2
23.Qa4 Qd6 24.Qxc6 Qxf4 25.c3 Rxa2 26.Ra1 Rc2 27.Ra8 Rc1 28.Rxf8+ Bxf8 29.Qe6 Rxf1+
30.Bxf1 Qg4+ 31.Kh1  1/2-1/2

[Event "15th Ajuinentornooi 2013"]
[Site "Aalst BEL"]
[Date "2013.06.05"]
[Round "8.10"]
[White "Flamee,D"]
[Black "Lot,Diederik"]
[Result "1-0"]
[WhiteElo "1798"]
[BlackElo "1927"]

1.e4 d5 2.exd5 Qxd5 3.Nc3 Qd6 4.d4 Nf6 5.Nge2 a6 6.Bf4 Qb6 7.Qd2 Bd7 8.g3 e6
9.Bg2 c5 10.d5 exd5 11.Nxd5 Nxd5 12.Qxd5 Nc6 13.O-O Be7 14.Qb3 Qxb3 15.axb3 O-O-O
16.c3 Bf6 17.Be3 Rhe8 18.Nf4 Be6 19.Bxc6 bxc6 20.Rxa6 Bxb3 21.Rxc6+ Kb7 22.Rxc5 Ba4
23.Ra5 Bc6 24.Ra7+ Kb8 25.Rxf7 Rxe3 26.fxe3 Rd2 27.Rf8+ Kb7 28.c4 Rxb2 29.Nd5 Rc2
30.Rb1+ Ka7 31.Rf7+ Ka8 32.Nxf6 Rg2+ 33.Kf1 gxf6 34.Rd1  1-0

[Event "Grand Europe Open Albena"]
[Site "Albena BUL"]
[Date "2013.06.05"]
[Round "5.24"]
[White "Atakisi,U"]
[Black "Glek,I"]
[Result "1-0"]
[WhiteElo "2351"]
[BlackElo "2464"]

1.e4 d5 2.exd5 Qxd5 3.Nc3 Qd8 4.d4 Nf6 5.Nf3 Bg4 6.h3 Bxf3 7.Qxf3 c6 8.Be3 e6
9.Bc4 Nbd7 10.O-O Be7 11.Rad1 O-O 12.Ne4 Nxe4 13.Qxe4 Nf6 14.Qf3 Nd5 15.Bb3 a5
16.a4 Qb6 17.Bc1 Bf6 18.c4 Ne7 19.d5 exd5 20.cxd5 c5 21.Bc4 Nc8 22.Bf4 Nd6
23.Bxd6 Qxd6 24.b3 g6 25.Rfe1 Kg7 26.Re4 Rae8 27.Rde1 Re5 28.Rxe5 Bxe5 29.g3 Rd8
30.Kh2 Bd4 31.Re4 Qc7 32.Qe2 Bf6 33.h4 h5 34.Qf3 Rd6 35.Qf4 Qd8 36.Qf3 Bd4
37.Re2 Rf6 38.Qe4 Rf5 39.f4 Rf6 40.Qe7 Qxe7 41.Rxe7 Rd6 42.Rxb7 Kf8 43.Rb5 Bc3
44.Rxc5 f5 45.Rc6 Ke7 46.Rxd6 Kxd6 47.Bb5 Kxd5 48.Be8 Ke6 49.Bxg6 Kf6 50.Bxh5 Be1
51.Bd1 Bb4 52.Bc2 Bc3 53.Bd3 Be1 54.h5 Bb4 55.h6 Kg6 56.g4 Kxh6 57.Bxf5 Bd2
58.g5+  1-0

[Event "Alushta Summer-2013-2"]
[Site "Alushta UKR"]
[Date "2013.06.05"]
[Round "3"]
[White "Frhat,A"]
[Black "Belikov,V"]
[Result "1-0"]
[WhiteElo "2352"]
[BlackElo "2477"]

1.e4 d5 2.exd5 Qxd5 3.Nc3 Qd6 4.d4 Nf6 5.Nf3 g6 6.Nb5 Qb6 7.c4 c6 8.c5 Qd8
9.Nc3 Bg7 10.Bc4 O-O 11.h3 b5 12.Bb3 b4 13.Ne2 Nd5 14.O-O Qc7 15.Re1 Nd7
16.Bg5 N7f6 17.Ng3 a5 18.Rc1 Rd8 19.Ne5 Ba6 20.Qf3 Bb5 21.a4 bxa3 22.bxa3 a4
23.Ba2 Rf8 24.h4 Rad8 25.Rb1 Qa5 26.h5 Qc3 27.h6 Bh8 28.Bxd5 Nxd5 29.Bxe7 Qxf3
30.Nxf3 Nxe7 31.Rxe7 Bf6 32.Re3 Bxd4 33.Nxd4 Rxd4 34.Ne4 Rxe4 35.Rxe4 Bd3
36.Reb4 Bxb1 37.Rxb1 Rd8 38.Rb6 Kf8 39.Rxc6 Rd3 40.Rc8+ Ke7 41.Rh8 Rxa3 42.Rxh7 Rc3
43.Rh8 Rxc5 44.g4 Ra5 45.h7 a3 46.Re8+ Kxe8 47.h8=Q+ Kd7 48.Qc3 Ra4 49.Qf3 Ke7
50.Qd1 Ra6 51.Qd5  1-0

[Event "Sberbank GM Rapid"]
[Site "Kiev UKR"]
[Date "2013.06.05"]
[Round "3"]
[White "Leko,P"]
[Black "Karpov,Ana"]
[Result "1/2-1/2"]
[WhiteElo "2737"]
[BlackElo "2619"]

1.e4 d5 2.exd5 Qxd5 3.Nc3 Qd6 4.d4 c6 5.g3 Nf6 6.Bg2 Bf5 7.Nf3 Nbd7 8.O-O e6
9.Nh4 Bg6 10.Bf4 Qb4 11.a3 Qb6 12.Nxg6 hxg6 13.Qd3 Be7 14.b4 O-O 15.Na4 Qd8
16.c4 a5 17.b5 cxb5 18.cxb5 Nb6 19.Nxb6 Qxb6 20.Rfc1 Rac8 21.a4 Bb4 22.Rc4 Nd5
23.Bg5 Rxc4 24.Qxc4 Qd6 25.Bxd5 exd5 26.Qc2 Qd7 27.Rc1 Ba3 28.Re1 Bb4 29.Rc1 Ba3
30.Re1 Bb4 31.Rc1  1/2-1/2

[Event "FIDE World Rapid 2013"]
[Site "Khanty-Mansiysk RUS"]
[Date "2013.06.06"]
[Round "3.27"]
[White "Gundavaa,B"]
[Black "Nadanian,A"]
[Result "0-1"]
[WhiteElo "2516"]
[BlackElo "2428"]

1.e4 d5 2.exd5 Qxd5 3.Nc3 Qd6 4.d4 Nf6 5.Nf3 c6 6.Ne5 Nbd7 7.Bf4 Nd5 8.Nxd5 Qxd5
9.Qd3 g5 10.Bg3 Bg7 11.h4 g4 12.Nxg4 Qxd4 13.Qxd4 Bxd4 14.O-O-O Bg7 15.h5 h6
16.Ne3 Nc5 17.Bh4 b5 18.Be2 Be6 19.Bf3 Rc8 20.Rhe1 Na4 21.c3 b4 22.g4 bxc3
23.b3 Nb2 24.Nf5 Bxf5 25.gxf5 Nxd1 26.Rxe7+ Kf8 27.f6 Bxf6 28.Bxf6 Nxf2 29.Kc2 Rg8
30.Rxa7 Rg3 31.Bxc6 Ng4 32.Be7+ Kg7 33.Bd6 Ne3+ 34.Kd3 c2 35.Kd4  0-1

[Event "FIDE World Rapid 2013"]
[Site "Khanty-Mansiysk RUS"]
[Date "2013.06.06"]
[Round "5.27"]
[White "Cherniaev,A1"]
[Black "Nadanian,A"]
[Result "1-0"]
[WhiteElo "2447"]
[BlackElo "2428"]

1.e4 d5 2.exd5 Qxd5 3.Nc3 Qd6 4.d4 Nf6 5.Nf3 c6 6.Ne5 Nbd7 7.Nc4 Qc7 8.Qf3 Nb6
9.Bf4 Qd7 10.O-O-O Qg4 11.Qxg4 Bxg4 12.f3 Be6 13.Ne5 g6 14.Ne4 Nfd5 15.Bd2 f6
16.Nc5 Bg8 17.Nc4 O-O-O 18.Na5 Nc7 19.c3 e5 20.Ncxb7 Rd5 21.dxe5 fxe5 22.c4 Rd4
23.Bc3 Ne6 24.Bxd4 exd4 25.c5 Nd5 26.Nd6+ Kd7 27.Ne4 Bg7 28.Nc4 Kc7 29.g3 h5
30.Bh3 h4 31.Kd2 Bh6+ 32.Kc2 Nb4+ 33.Kb1 Bg7 34.a3 Nd5 35.f4 Nexf4 36.gxf4 Nxf4
37.Bf1 Bd5 38.Ncd6 Be5 39.Bc4 Rb8 40.Ka2 Ne2 41.Rd2 d3 42.Rb1 a5 43.h3 a4
44.Ka1 g5 45.Bxd3 Nd4 46.Bc2 Bb3 47.Bd1 g4 48.hxg4 h3 49.Nf5 Nxf5 50.gxf5 Bd5
51.Bc2 h2 52.Nf2 Bg3 53.Be4 Bf7 54.Nd3 Rb3 55.Rbd1 Be8 56.Bh1 Bh5 57.Rf1 Bf7
58.f6 Rb8 59.Rg2 Rg8 60.Rf3 Bd5 61.Rfxg3 Rxg3 62.Rxg3 Bxh1 63.Rh3  1-0

[Event "Sberbank GM Rapid"]
[Site "Kiev UKR"]
[Date "2013.06.06"]
[Round "5"]
[White "Topalov,V"]
[Black "Karpov,Ana"]
[Result "1/2-1/2"]
[WhiteElo "2784"]
[BlackElo "2619"]

1.e4 d5 2.exd5 Qxd5 3.Nc3 Qd6 4.d4 c6 5.Bc4 Nf6 6.Nge2 Be6 7.Bf4 Qd7 8.Bb3 g6
9.O-O Bg7 10.Be5 O-O 11.Nf4 Bxb3 12.axb3 Qd8 13.Qe2 Nbd7 14.Rfd1 e6 15.Nd3 Qe7
16.h3 a6 17.Na4 Nxe5 18.dxe5 Nd7 19.Qe3 Rfd8 20.Nc3 c5 21.f4 b5 22.Nf2 f6
23.exf6 Bxf6 24.Qf3 b4 25.Na4 c4 26.bxc4 Nc5 27.Nxc5 Qxc5 28.Qe4 Bxb2 29.Rab1 Bd4
30.Rd2 a5 31.Qxe6+ Kg7 32.Kh2 Bxf2 33.Rxf2 Qxf2 34.Qe7+  1/2-1/2

[Event "FSIM June 2013"]
[Site "Budapest HUN"]
[Date "2013.06.07"]
[Round "6.3"]
[White "Farago,S"]
[Black "Korpa,B"]
[Result "1/2-1/2"]
[WhiteElo "2277"]
[BlackElo "2357"]

1.e4 d5 2.exd5 Qxd5 3.Nc3 Qd6 4.g3 Nf6 5.Bg2 c6 6.Nge2 Bg4 7.h3 Bh5 8.O-O e6
9.d4 Be7 10.Bf4 Qd8 11.g4 Bg6 12.Bg3 O-O 13.Nf4 Bd6 14.Nce2 Nd5 15.c4 Nxf4
16.Nxf4 Bxf4 17.Bxf4 Nd7 18.Qd2 Nf6 19.Rfe1 Qd7 20.Rad1 Rac8 21.Qc3 h6 22.Be5 Rfd8
23.Bf3 Ne8 24.b3 Qe7 25.Kg2 Qa3 26.Rd2 Rd7 27.Bf4 Nf6 28.Re5 Qe7 29.Qa5 b6
30.Qc3 Qd8 31.h4 c5 32.d5 exd5 33.cxd5 Ne8 34.h5 Bh7 35.Qe3 Nd6 36.Re2 Qf8
37.Re7 Rcd8 38.Rxd7 Rxd7 39.Qe5 Qd8 40.g5 hxg5 41.Bxg5 f6 42.Qe6+ Kf8 43.Bf4 Nb5
44.d6 Nd4 45.Qd5 Nxe2 46.Bxe2 Qe8 47.Bf3 Bg8 48.Qd1 Qe6 49.Bg4 Qd5+ 50.Qxd5 Bxd5+
51.Kf1 Rd8 52.Ke2 Kf7 53.Kd3 Be6 54.Bf3 f5 55.Be5 g6 56.hxg6+ Kxg6 57.Bf4 Kf6
58.Kc3 Bf7 59.Be2 Bd5 60.Bb5 Rg8 61.d7 Ke7 62.Bc7 Be6 63.d8=Q+ Rxd8 64.Bxd8+ Kxd8
65.Kd3 Bd7 66.Bc4 b5 67.Bd5 Ke7 68.f4 Kd6 69.Bb7 Be6 70.Ba8 Bd7 71.Bb7 Be6
72.Kc3 Kc7 73.Bg2 Kb6 74.Bf3 Ka5 75.Bc6 Kb6 76.Bg2 a5 77.Bf1 a4 78.Bd3 b4+
79.Kb2 a3+ 80.Kc2 Kc6 81.Kc1 Bc8 82.Bc4 Kd6 83.Kb1 Bb7 84.Ka1 Ke7 85.Bd3 Kf6
86.Bc4 Bf3 87.Ba6 Kg6 88.Bc8 Bd5 89.Bd7 Kf6 90.Bc8 c4 91.bxc4 Bxc4 92.Bd7 Be6
93.Bb5 Kg6 94.Bd3 Bd5 95.Bc2 Bc4 96.Bd1 Bb5 97.Bc2 Be2 98.Kb1 Bf3 99.Ka1 Bg4
100.Bd3 Bd1 101.Kb1 Bf3 102.Ka1 Be4 103.Be2 Kf6 104.Bc4 Bf3 105.Bd3 Ke6 106.Bc2 Be4
107.Bb3+ Bd5 108.Bc2 Bc4 109.Kb1 Bd5 110.Ka1 Be4 111.Bb3+ Kf6 112.Bc4 Bc2
113.Bd5 Bd1 114.Kb1 Ke7 115.Bc4  1/2-1/2

[Event "FIDE World Rapid 2013"]
[Site "Khanty-Mansiysk RUS"]
[Date "2013.06.07"]
[Round "10.28"]
[White "Nadanian,A"]
[Black "Georgiev,Ki"]
[Result "1/2-1/2"]
[WhiteElo "2428"]
[BlackElo "2636"]

1.e4 d5 2.exd5 Qxd5 3.Nc3 Qd6 4.d4 Nf6 5.Nf3 a6 6.g3 Bg4 7.Bg2 Nc6 8.O-O O-O-O
9.h3 Bh5 10.Bf4 Qb4 11.a3 Qc4 12.g4 Bg6 13.Be3 e5 14.Nd2 Qe6 15.dxe5 Qxe5
16.Bxc6 bxc6 17.Qe2 Nd5 18.Nf3 Qd6 19.Qxa6+ Kd7 20.Rad1 Be7 21.Qa4 Ra8 22.Qc4 Kc8
23.Nxd5 cxd5 24.Rxd5 Qa6 25.Qf4 Re8 26.Rfd1 f6 27.Rd7 Qc6 28.Nh4 Bxc2 29.R1d2 g5
30.Qd4 Ra4 31.Qd5 Qxd5 32.R7xd5 Be4 33.R5d4 Rxd4 34.Rxd4 Bc5 35.Rxe4 Rxe4
36.Bxc5 gxh4 37.Kg2 Kd7 38.Kf3 Rc4 39.Bb4 Ke6 40.Ke3 Rc1 41.Kf3 Rh1 42.Kg2 Rc1
43.Bc3 Ra1 44.Kf3 Kf7 45.Ba5 c6 46.Bc3 Rh1 47.Kg2 Ra1 48.f4 Rd1 49.f5 Rd3
50.a4 c5 51.a5 Ke7 52.Be1 Kd7 53.Bxh4 Rd2+ 54.Kf3 Ke7 55.g5 Rxb2 56.g6 hxg6
57.fxg6 Ra2 58.Be1 Ra1 59.Ke2 Ra2+ 60.Kf3 f5 61.h4 Kf6 62.h5 Ra3+ 63.Ke2 f4
64.Bh4+ Kg7 65.Be1 c4 66.Bb4 Rb3 67.Bc5 Rb5 68.Bd4+ Kh6 69.a6 Rxh5 70.g7 Kh7
71.a7 Ra5 72.Kf3 Ra4 73.Kxf4 c3 74.a8=Q Rxa8 75.Bxc3 Kg6 76.Bd4 Kf7 77.Ke4  1/2-1/2

[Event "Sberbank GM Rapid"]
[Site "Kiev UKR"]
[Date "2013.06.07"]
[Round "7"]
[White "Areshchenko,A"]
[Black "Karpov,Ana"]
[Result "1-0"]
[WhiteElo "2708"]
[BlackElo "2619"]

1.e4 d5 2.exd5 Qxd5 3.Nc3 Qd6 4.d4 c6 5.Nf3 Bg4 6.Bd3 Nf6 7.h3 Bxf3 8.Qxf3 Qxd4
9.Be3 Qb4 10.Bd2 Qb6 11.O-O-O Nbd7 12.Rhe1 e6 13.g4 Be7 14.g5 Nd5 15.g6 hxg6
16.Bxg6 O-O 17.Be4 N7f6 18.Rg1 Rfd8 19.Nxd5 cxd5 20.Bd3 Ne8 21.Bc3 Kf8 22.Rg4 Bf6
23.Bb4+ Nd6 24.Ba3 a5 25.Rdg1 Qc7 26.Rf4 Be5 27.Rh4 Rac8 28.Rh8+ Ke7 29.Rxd8 Rxd8
30.Re1 f6 31.Qg4 g5 32.h4 Bf4+ 33.Kb1 e5 34.hxg5 fxg5 35.Rh1 Rf8 36.Rh7+ Rf7
37.Rh6 Rf6 38.Rh8 e4 39.Bb5 Rf7 40.Re8+ Kf6 41.Re6+ Kg7 42.Qh5 Qd8 43.Qg6+ Kf8
44.Rxd6  1-0